| 000 | 00607cam a2200145 4500 | ||
|---|---|---|---|
| 001 | ABS61288 | ||
| 008 | 000000n1999 000 0 eng u | ||
| 035 | _a(Sirsi) u101919 | ||
| 245 | _aAlternative land use. | ||
| 260 | _c1999 | ||
| 490 |
_aFarm Development Review _v13(6) April 1999 (8)(LOAN) |
||
| 520 | _aIncludes articles on the Rural Property Database which matches business space on farms with the needs of local businesses; zoo standards policy; the Association of Farmers Markets which was launched on 5 July 1999; and the marketing of farm enterprises. | ||
| 690 | _aRURAL PRACTICE | ||
| 942 | _n0 | ||
| 999 |
_c61017 _d61017 |
||